| 000 -Etiqueta do registo | |
|---|---|
| campo de controlo de comprimento fixo | 008570000a22002530004500 |
| 001 - Identificador do registo | |
| Campo de controlo | 52160 |
| 010 ## - ISBN | |
| Número (ISBN) | 989-555-132-0 |
| 021 ## - Nº depósito legal | |
| Código do país | Portugal |
| Número | 233781/05 |
| 100 ## - Dados Gerais de Proc. | |
| Dados gerais de processamento | 20151026d2015 k y0pory5003 ba |
| 101 0# - Língua da publicação | |
| Língua do texto, banda sonora, etc. | Português |
| 102 ## - País de Publicação | |
| País de publicação | Portugal |
| 200 1# - Título | |
| Título próprio | Uma vida melhor |
| Informação de outro título | história indecente para os meninos lerem às escondidas |
| Primeira menção de responsabilidade | António Alçada Baptista |
| Outras menções de responsabilidade | il. Teresa Conceição |
| 210 ## - Publicação, Distribuição | |
| Lugar da edição, distribuição, etc. | Cruz Quebrada |
| Nome do editor, distribuidor, etc. | Oficina do Livro |
| Data da publicação, distribuição, etc. | 2005 |
| 215 ## - Descrição física | |
| Descrição física | [30] p. |
| Outras indicações físicas | il. |
| 606 ## - Nome comum | |
| Koha Internal code | 2108 |
| Elemento de entrada | Literatura infantojuvenil |
| Subdivisão de assunto | Conto |
| 675 ## - CDU | |
| Notação | 821.134.3-93 |
| Edição | BN |
| Língua da edição | Português |
| 700 #1 - Responsabilidade principal | |
| Koha Internal Code | 8599 |
| Palavra de ordem | Baptista |
| Outra parte do nome | António Alçada |
| Datas | 1927-2008 |
| 702 #1 - Responsabilidade secundária | |
| Koha Internal Code | 14846 |
| Código de função | Ilustrador |
| Palavra de ordem | Conceição |
| Outra parte do nome | Teresa |
| 801 ## - Fonte de origem | |
| País | Portugal |
| Data da última transacção | 20151026 |
| 856 ## - Localização e acesso electrónico | |
| URL | <a href="https://www.google.com/?gws_rd=ssl">https://www.google.com/?gws_rd=ssl</a> |
| 859 ## - Imagem da capa | |
| Nota informativa | Mais informação |
| 090 ## - Números de controlo do sistema (Koha) | |
| Número biblioitem do Koha (gerado automaticamente) | 52160 |
| 942 ## - Elementos de entrada adicionados (Koha) | |
| Tipo de item no Koha | Analíticos |
| Suprimido | Disponível no OPAC |
| 999 ## - Campo local | |
| Campo local | 52160 |
| Removido (estado) | Perdido (estado) | Data de aquisição | Origem do registo (biblioteca) (codificado) | Código da organização que empresta ou é detentora (biblioteca) | Código de barras | Número de inventário | Cota | Tipo de circulação (não pode ser emprestado) | Tipo de item e material |
|---|---|---|---|---|---|---|---|---|---|
| Disponível | Disponível | 2015-10-26 | Biblioteca EB23 D. Paio Peres Correia | Biblioteca EB23 D. Paio Peres Correia | BEBDPPC7641 | 7641 | 82-93 BAP | Normal | Analíticos |